| 000 | 00762nam a22002177a 4500 | ||
|---|---|---|---|
| 999 |
_c5086 _d5086 |
||
| 003 | AR-CdUCM | ||
| 008 | 190311b ||||| |||| 00| 0 spa d | ||
| 040 |
_aMUNICIPALIDAD PROVINCIAL DEL CUSCO _cBIBLIOTECA MUNICIPAL DEL CUSCO |
||
| 082 |
_a869.56 / _bB93 |
||
| 100 |
_aBuona, Eugenio _95210 |
||
| 245 | _aTerritorio del hombre / | ||
| 260 |
_aLima : _bTalleres de la E.E.L.C.V.S.A., _c1960. |
||
| 300 |
_a25 paginas ; _c21 cm. |
||
| 500 | _aDonación familia Nieto. | ||
| 505 | _aContenido :Palabras deshechas -- A nuestros pies -- Poema de año nuevo -- Me dan donde mas creo -- Donde soy ... | ||
| 650 |
_aPoesías peruanas _91481 |
||
| 650 |
_aLiteratura del siglo xx _97647 |
||
| 650 |
_aLiteratura peruana _9169 |
||
| 942 |
_2ddc _cLIBROS |
||
| 945 | _arum | ||